|
|
|
|
| LEADER |
00000caa a22000002c 4500 |
| 001 |
1912461900 |
| 003 |
DE-627 |
| 005 |
20250125055038.0 |
| 007 |
tu |
| 008 |
241217s2004 xx ||||| 00| ||eng c |
| 035 |
|
|
|a (DE-627)1912461900
|
| 035 |
|
|
|a (DE-599)KXP1912461900
|
| 040 |
|
|
|a DE-627
|b ger
|c DE-627
|e rda
|
| 041 |
|
|
|a eng
|
| 084 |
|
|
|a 2,1
|2 ssgn
|
| 100 |
1 |
|
|a Brener, Nancy D.
|e VerfasserIn
|4 aut
|
| 245 |
1 |
0 |
|a Assessing health risk behaviors among adolescents: The effect of question wording and appeals for honesty
|
| 264 |
|
1 |
|c 2004
|
| 336 |
|
|
|a Text
|b txt
|2 rdacontent
|
| 337 |
|
|
|a ohne Hilfsmittel zu benutzen
|b n
|2 rdamedia
|
| 338 |
|
|
|a Band
|b nc
|2 rdacarrier
|
| 700 |
1 |
|
|a Ross, Jim
|e VerfasserIn
|4 aut
|
| 700 |
1 |
|
|a MacManus, Tim
|e VerfasserIn
|0 (DE-588)1157930808
|0 (DE-627)1021677388
|0 (DE-576)503462861
|4 aut
|
| 700 |
1 |
|
|a Kann, Laura
|e VerfasserIn
|4 aut
|
| 700 |
1 |
|
|a Grunbaum, Jo Anne
|e VerfasserIn
|4 aut
|
| 773 |
0 |
8 |
|i Enthalten in
|t Journal of adolescent health
|d New York, NY : Elsevier, 1991
|g 35(2004), 2, Seite 91-100
|w (DE-627)170477045
|w (DE-600)1063374-1
|w (DE-576)043081398
|x 1054-139X
|7 nnas
|
| 773 |
1 |
8 |
|g volume:35
|g year:2004
|g number:2
|g pages:91-100
|
| 935 |
|
|
|a mkri
|
| 951 |
|
|
|a AR
|
| ELC |
|
|
|b 1
|
| LOK |
|
|
|0 000 xxxxxcx a22 zn 4500
|
| LOK |
|
|
|0 001 4637427398
|
| LOK |
|
|
|0 003 DE-627
|
| LOK |
|
|
|0 004 1912461900
|
| LOK |
|
|
|0 005 20241217044148
|
| LOK |
|
|
|0 008 241217||||||||||||||||ger|||||||
|
| LOK |
|
|
|0 035
|a (DE-2619)ICPSR37256
|
| LOK |
|
|
|0 040
|a DE-2619
|c DE-627
|d DE-2619
|
| LOK |
|
|
|0 092
|o n
|
| LOK |
|
|
|0 852
|a DE-2619
|
| LOK |
|
|
|0 852 1
|9 00
|
| LOK |
|
|
|0 935
|a nacp
|
| LOK |
|
|
|0 939
|a 17-12-24
|b l01
|
| ORI |
|
|
|a SA-MARC-krimdoka001.raw
|